Mechanics of air machinery /

Bibliographic Details
Main Author: Weisbach, Julius, 1806-1871
Other Authors: Herrmann, Gustav, Trowbridge, Amasa
Format: Book
Language:English
German
Published: New York : D. Van Nostrand company, 1905.
Subjects:

MARC

Tag First Indicator Second Indicator Subfields
LEADER 00000cam a2200000 4500
001 in00000041600
005 20151007074634.0
008 760911s1905 nyua 00010 eng
010 |a  05014473  
035 |a (OCoLC)02423033 
035 |9 AAF1851AM 
040 |a DLC  |c TOL  |d TXA  |d UtOrBLW 
041 1 |a eng  |a ger 
049 |a TXAM  |c [45457] 
050 0 0 |a TJ985  |b W42 
092 |a 621.6  |b W42me 
100 1 |a Weisbach, Julius,  |d 1806-1871. 
245 1 0 |a Mechanics of air machinery /  |c by Dr. Julius Weisbach and Professor Gustav Herrmann; authorized translation, with an appendix on American practice by Amasa Trowbridge ... 
264 1 |a New York :  |b D. Van Nostrand company,  |c 1905. 
300 |a vii, 206 pages :  |b illustrations, folded tables, diagrams (1 folded) ;  |c 24 cm. 
336 |a text  |b txt  |2 rdacontent 
337 |a unmediated  |b n  |2 rdamedia 
338 |a volume  |b nc  |2 rdacarrier 
500 |a "This volume contains a translation of the portion of Professor Herrmann's revised edition of Weisbach's work on engineering mechanics pertaining to the moving of air."--Translator's pref. 
650 0 |a Fans (Machinery) 
650 0 |a Air-compressors. 
650 0 |a Ventilation. 
700 1 |a Herrmann, Gustav. 
700 1 |a Trowbridge, Amasa. 
999 |a MARS 
999 f f |s c1e1238b-9b18-366f-9bc7-128ad0257aca  |i 7b855106-2634-3f84-8ce3-f66359ab669d  |t 0 
952 f f |p ric  |a Texas A&M University  |b Rellis Campus  |c Joint Library Facility  |d Remote Storage  |t 0  |e TJ985 W42  |h Library of Congress classification  |i unmediated -- volume  |m A14801041195 
998 f f |a TJ985 W42  |t 0  |l Remote Storage